000
00231nmm a2200085Ia 4500
008
220120s9999||||xx |||||||||||||||||und||
100
_a
Digit
245
0
_a
25 business software and tools, 12 ted Videos
260
_a
Nine dot Nine
_b
39569
999
_c
139923
_d
139923